000 00294nam a2200121Ia 4500
008 190216s9999||||xx |||||||||||||| ||und||
100 _aAhammad Moulavi M
245 0 _aVishudha Nabi Vachanangal
260 _bAmina Book Stall
_c1978
300 _a320
650 _aIslamic History
942 _cBK
999 _c22284
_d22284